000 00418nam a2200157Ia 4500
100 _aHeffer/D.E/ kING/ G.A
650 _aElectrical Engineering
942 _cBK
654 _aBasic Principles & Practice Of Microprocessors
245 _aBasic Principles & Practice Of Microprocessors
260 _bEdward Arnold .
_aLondon
_c1982
082 _a621.3
_bHef/Kin
300 _a200
546 _aENGLISH
999 _c29757
_d29757